Grammaire - Quiz à Choix Multiples - Statistiques

Statistiques générales
  • Ce quiz a été pris 18 849 fois
  • Le résultat moyen est 10 sur 20
Statistiques - réponses
Question Réponse % Correct
Laquelle de ces phrases est correcte ? Il préfère le rouge. Quant à moi, je préfère le vert.
90%
Laquelle de ces phrases est correcte ? Je me souviens de mon enfance.
89%
Laquelle de ces phrases est correcte ? Elles ont rangé leurs chambres.
87%
Laquelle de ces phrases est correcte ? Il y a quelque chose de spécial dans son regard.
82%
Laquelle de ces phrases est correcte ? Il était censé venir diner.
72%
Laquelle de ces phrases est correcte ? Elles sont venues à pied.
70%
Laquelle de ces phrases est correcte ? Je me rappelle mon enfance.
64%
Laquelle de ces phrases est correcte ? Nous préparons une omelette. Pour ce faire, nous devons casser des œufs.
64%
Laquelle de ces phrases est correcte ? Les chaussures que j'ai achetées sont trop petites.
63%
Laquelle de ces phrases est correcte ? Il porte des lunettes orange.
55%
Laquelle de ces phrases est correcte ? Ces infractions coûtent cher.
52%
Laquelle de ces phrases est correcte ? Il aime les manteaux vert foncé.
47%
Laquelle de ces phrases est correcte ? L'île de la Tortue était un repaire de pirates.
47%
Laquelle de ces phrases est correcte ? Je vous saurais gré de bien vouloir m'indiquer la sortie.
34%
Laquelle de ces phrases est correcte ? Elle s’est fait gronder par la maîtresse.
31%
Laquelle de ces phrases est correcte ? 1,9% est pour. 98,1% sont contre.
27%
Laquelle de ces phrases est correcte ? Il s’ensuivit des émeutes à travers tout le pays.
27%
Laquelle de ces phrases est correcte ? Elle est partie après que nous l’avons tous saluée.
21%
Laquelle de ces phrases est correcte ? Ôtez l'eau du feu avant qu'elle ne bouille.
15%
Laquelle de ces phrases est correcte ? Sophie a eu son content de malheur.
5%
Aucun quiz correspondant
Distribution des résultats
% des personnes avec chaque résultat
Percentile par nombre de réponses
Votre historique - résultats
Vous n’avez pas pris ce quiz